| 000 | 00487nam a2200133Ia 4500 | ||
|---|---|---|---|
| 008 | 210430s9999 xx 000 0 und d | ||
| 020 | _a0-8247-2471-2 | ||
| 082 | _a660 E5615 E | ||
| 100 |
_aEdited by John J.Mcketta _9127633 |
||
| 245 |
_aEncyclopedia of Chemical Processing and Design 48 /30 /21 / _cJohn J.Mcketta |
||
| 260 |
_aNew York _bMarcel Dekker,INC _c1994 |
||
| 300 |
_a476p. _b(21 Exp-Fin, Acc No. 3671) (30 Met-Mot, Acc No. 3672) (48 Res-Saf, Acc No. 1151) |
||
| 942 |
_cBK _2ddc |
||
| 999 |
_c562285 _d562285 |
||